000 00489nam a2200193Ia 4500
003 GCL
008 140319s9999 xx 000 0 eng d
040 _aGCL /
_cGCL
082 0 4 _aCH
_b930
_bC W
100 1 _aREID, STRUAN
245 1 0 _aWHO WERE THE FIRST POEPOL ? /
_cREID, STRUAN
700 1 _aCOX, PHILROXBEE
260 _a[S.N] :
_bUSBORNE PUBLISHING LTD ،
_c1995
300 _a32 P
650 0 4 _aCHILDREN
650 0 4 _aHISTORY
650 0 4 _aHISTORY, ANCIENT
942 _2ddc
_cBK
999 _c13737
_d13737